000 00691nam a2200181Ia 4500
008 100920s9999 xx 000 0 und d
082 _b54458
_a51 थ 88
100 _aगोडबोले रा. ना.
245 _aआहे तितुके देवाचे (आत्मकथन).
260 _bकौशिक प्रकाशन, सातारा.
_c1988
300 _a192
_bसाधी
365 _b45
520 _aचरित्र.
630 _aआहे तितुके देवाचे (आत्मकथन).
650 _aचरित्र.
730 _aआहे तितुके देवाचे (आत्मकथन).
942 _cBOOK
999 _c699204
_d699201